[Event "25th Bosnjaci Open 2020"]
[Site "Bosnjaci"]
[Date "2020.01.04"]
[Round "2.14"]
[White "Sipic, Hrvoje"]
[Black "Matanovic, Nikola"]
[Result "0-1"]
[WhiteElo "2210"]
[BlackElo "1933"]
[Annotator "ChessBase"]
[PlyCount "82"]
[EventDate "2020.01.03"]
[EventType "swiss"]
[EventCountry "CRO"]
[SourceTitle "playchess.com"]
[Source "ChessBase"]
[SourceQuality "1"]
[TimeControl "5400+30"]

1. d4 {[%emt 0:00:30]} d5 {[%emt 0:00:30]} 2. Nf3 {[%emt 0:00:00]} Nf6 {[%emt 0:00:30]} 3. Bf4 {[%emt 0:00:00]} e6 {[%emt 0:00:30]} 4. e3 {[%emt 0:00:30]} Bd6 {[%emt 0:00:30]} 5. Ne5 {[%emt 0:00:30]} Nbd7 {[%emt 0:01:30]} 6. Nd2 {[%emt 0:00:30]} O-O {[%emt 0:01:30]} 7. Bd3 {[%emt 0:01:30]} Bxe5 {[%emt 0:00:30]} 8. dxe5 {[%emt 0:00:30]} Ne8 {[%emt 0:00:30]} 9. Nf3 {[%emt 0:03:30]} f6 {[%emt 0:03:30]} 10. h4 {[%emt 0:03:30]} c5 {[%emt 0:00:30]} 11. Bxh7+ {[%emt 0:07:30]} Kxh7 {[%emt 0:00:30]} 12. Ng5+ {[%emt 0:00:30]} fxg5 {[%emt 0:01:30]} 13. hxg5+ {[%emt 0:00:00]} Kg8 {[%emt 0:03:30]} 14. Qh5 {[%emt 0:00:00]} Rxf4 {[%emt 0:00:30]} 15. exf4 {[%emt 0:02:30]} Kf8 {[%emt 0:01:30]} 16. g6 {[%emt 0:03:30]} Nb6 {[%emt 0:02:30]} 17. Qh8+ {[%emt 0:13:30]} Ke7 {[%emt 0:00:30]} 18. Qg8 {[%emt 0:00:30]} Kd7 {[%emt 0:00:30]} 19. f5 {[%emt 0:04:30]} exf5 {[%emt 0:03:30]} 20. Qf7+ {[%emt 0:08:30]} Qe7 {[%emt 0:01:30]} 21. Qxf5+ {[%emt 0:01:30]} Kc6 {[%emt 0:00:00]} 22. Qf4 {[%emt 0:02:30]} Be6 {[%emt 0:00:00]} 23. O-O-O {[%emt 0:00:30]} Rd8 {[%emt 0:00:30]} 24. Rh8 {[%emt 0:04:30]} d4 {[%emt 0:01:30]} 25. Kb1 {[%emt 0:02:30]} Nd5 {[%emt 0:00:30]} 26. Qe4 {[%emt 0:00:30]} Qd7 {[%emt 0:01:30]} 27. Rf8 {[%emt 0:12:30]} Kb6 {[%emt 0:01:30]} 28. f4 {[%emt 0:02:30]} Qb5 {[%emt 0:00:30]} 29. Kc1 {[%emt 0:06:34]} Nb4 {[%emt 0:02:30]} 30. a3 {[%emt 0:02:33]} Na2+ {[%emt 0:01:30]} 31. Kd2 {[%emt 0:00:30]} Qxb2 {[%emt 0:00:30]} 32. f5 {[%emt 0:01:00]} Qc3+ {[%emt 0:00:30]} 33. Ke2 {[%emt 0:00:42]} Bc4+ {[%emt 0:00:30]} 34. Kf2 {[%emt 0:00:27]} Qe3+ {[%emt 0:00:30]} 35. Qxe3 {[%emt 0:00:41]} dxe3+ {[%emt 0:00:00]} 36. Kxe3 {[%emt 0:02:53]} Rxd1 {[%emt 0:00:00]} 37. Rxe8 {[%emt 0:00:06]} Nc3 {[%emt 0:00:30]} 38. Kf4 {[%emt 0:01:08]} Rd4+ {[%emt 0:00:30]} 39. Kg5 {[%emt 0:00:43]} Ne4+ {[%emt 0:01:30]} 40. Kh5 {[%emt 0:00:30]} Ng3+ {[%emt 0:02:30]} 41. Kg5 {[%emt 0:00:30]} Be2 {[%emt 0:00:00]} 0-1

[Event "25th Bosnjaci Open 2020"]
[Site "Bosnjaci"]
[Date "2020.01.04"]
[Round "3.1"]
[White "Zaja, Ivan"]
[Black "Hodak, Stevo"]
[Result "1-0"]
[WhiteElo "2447"]
[BlackElo "2186"]
[Annotator "NA"]
[PlyCount "51"]
[EventDate "2020.01.03"]
[EventType "swiss"]
[EventCountry "CRO"]
[SourceTitle "playchess.com"]
[Source "ChessBase"]
[SourceQuality "1"]
[TimeControl "5400+30"]

1. d4 {[%emt 0:00:30]} d5 {[%emt 0:00:30]} 2. c4 {[%emt 0:00:00]} Nf6 {[%emt 0:04:30]} 3. cxd5 {[%emt 0:00:00]} Nxd5 {[%emt 0:00:30]} 4. e4 {[%emt 0:00:30]} Nf6 {[%emt 0:00:30]} 5. Nc3 {[%emt 0:00:30]} e6 {[%emt 0:00:30]} 6. Nf3 {[%emt 0:07:30]} Be7 {[%emt 0:02:30]} 7. Bd3 {[%emt 0:04:30]} c5 {[%emt 0:09:30]} 8. d5 {[%emt 0:00:30]} exd5 {[%emt 0:02:30]} 9. e5 {[%emt 0:02:30]} Ng8 {[%emt 0:15:30]} 10. Nxd5 {[%emt 0:00:30]} Nc6 {[%emt 0:00:30]} 11. Be4 {[%emt 0:02:30]} Bg4 {[%emt 0:07:30]} 12. Bf4 {[%emt 0:01:30]} f5 {[%emt 0:05:30]} 13. exf6 {[%emt 0:00:30]} Nxf6 {[%emt 0:00:00]} 14. Nc7+ {[%emt 0:00:30]} Kf8 {[%emt 0:04:00]} 15. Bxc6 {[%emt 0:01:30]} bxc6 {[%emt 0:03:30]} 16. Nxa8 {[%emt 0:00:30]} Qxa8 {[%emt 0:00:00]} 17. Bd6 {[%emt 0:03:30]} Qd8 {[%emt 0:03:00]} 18. Bxe7+ {[%emt 0:00:30]} Qxe7+ {[%emt 0:00:30]} 19. Qe2 {[%emt 0:00:00]} Qxe2+ {[%emt 0:02:30]} 20. Kxe2 {[%emt 0:00:00]} Kf7 {[%emt 0:00:30]} 21. Rhc1 {[%emt 0:03:30]} Re8+ {[%emt 0:00:30]} 22. Kf1 {[%emt 0:00:00]} Ne4 {[%emt 0:02:30]} 23. Re1 {[%emt 0:01:00]} Kf6 {[%emt 0:03:30]} 24. Re3 {[%emt 0:01:30]} Bd7 {[%emt 0:05:30]} 25. Rae1 {[%emt 0:07:30]} Nd6 {[%emt 0:01:30]} 26. Ne5 {[%emt 0:01:30]} 1-0

[Event "25th Bosnjaci Open 2020"]
[Site "Bosnjaci"]
[Date "2020.01.04"]
[Round "3.2"]
[White "Zadravec, Matija"]
[Black "Fercec, Nenad"]
[Result "0-1"]
[WhiteElo "2179"]
[BlackElo "2423"]
[Annotator "TA"]
[PlyCount "44"]
[EventDate "2020.01.03"]
[EventType "swiss"]
[EventCountry "CRO"]
[SourceTitle "playchess.com"]
[Source "ChessBase"]
[SourceQuality "1"]

{[%evp 9,44,1,7,11,27,-36,-22,-15,-15,-33,-43,-20,-38,-54,-36,-16,-2,-55,-52,-93,-95,-89,-87,-99,-75,-355,-355,-522,-505,-630,-626,-770,-715,-956,-933,-1061,-918]} 1. d4 Nf6 2. Nf3 b6 3. Bf4 Bb7 4. e3 g6 5. Bd3 Bg7 6. Nc3 {A47: 1 d4 Nf6 2 Nf3 b6: Torre, London and Colle Systems} c5 7. e4 $146 (7. O-O $11) ({Predecessor:} 7. Qe2 O-O 8. h4 d5 9. Qd2 Ne4 10. Bxe4 dxe4 11. Ne5 f6 12. Nc4 Qc8 {1-0 (30) Kravtsiv,M (2680)-Dimakiling,O (2412) Sharjah 2018}) 7... cxd4 $15 8. Nxd4 {The position is equal.} O-O 9. Qd2 d5 {[%cal Rd5e4]} 10. e5 Nh5 11. Bh6 Bxe5 12. Bxf8 Qxf8 13. Be2 (13. Nce2 $11) 13... Bf4 $1 {[%cal Rf4d2][%mdl 1024] Black has compensation.} 14. Qd3 {aiming for Bxh5.} Nf6 $1 15. g3 {[#]} Bh6 $1 16. f4 {[#]} Nbd7 $1 {[%cal Bb8d7,Bd7e5,Be5c4][%mdl 32]} 17. Bf3 $2 {[%mdl 8192]} (17. Qf3 $17) 17... e5 $19 18. fxe5 (18. Nce2 $142 e4 19. Qe3 exf3 20. Qxf3) 18... Nxe5 {Black is clearly winning.} 19. Qe2 Re8 {[%cal Ba8e8,Be8e3,Be3c3][%mdl 32]} 20. Kf1 Nc4 {[%mdl 64] Discovered Attack} 21. Qd3 Re3 22. Qd1 {[#]} Nxb2 {Played: Re3xc3} 0-1

[Event "25th Bosnjaci Open 2020"]
[Site "Bosnjaci"]
[Date "2020.01.04"]
[Round "3.3"]
[White "Babic, Zvonko"]
[Black "Rogulj, Branko"]
[Result "0-1"]
[WhiteElo "2165"]
[BlackElo "2386"]
[Annotator "NA"]
[PlyCount "66"]
[EventDate "2020.01.03"]
[EventType "swiss"]
[EventCountry "CRO"]
[SourceTitle "playchess.com"]
[Source "ChessBase"]
[SourceQuality "1"]
[TimeControl "5400+30"]

1. Nf3 {[%emt 0:02:30]} Nf6 {[%emt 0:00:30]} 2. e3 {[%emt 0:00:30]} g6 {[%emt 0:02:30]} 3. d4 {[%emt 0:03:30]} Bg7 {[%emt 0:00:00]} 4. Be2 {[%emt 0:00:00]} O-O {[%emt 0:02:00]} 5. O-O {[%emt 0:01:00]} d6 {[%emt 0:02:30]} 6. c4 {[%emt 0:00:30]} c5 {[%emt 0:01:30]} 7. Nc3 {[%emt 0:03:30]} cxd4 {[%emt 0:00:30]} 8. exd4 {[%emt 0:03:30]} d5 {[%emt 0:00:30]} 9. h3 {[%emt 0:04:30]} Nc6 {[%emt 0:07:30]} 10. Be3 {[%emt 0:11:30]} dxc4 {[%emt 0:04:30]} 11. Bxc4 {[%emt 0:04:30]} b6 {[%emt 0:00:30]} 12. a3 {[%emt 0:01:30]} Bb7 {[%emt 0:00:30]} 13. b4 {[%emt 0:01:30]} Rc8 {[%emt 0:05:30]} 14. Qb3 {[%emt 0:03:30]} Qc7 {[%emt 0:15:30]} 15. Rac1 {[%emt 0:08:30]} Nxd4 {[%emt 0:06:30]} 16. Bxf7+ {[%emt 0:08:30]} Rxf7 {[%emt 0:00:30]} 17. Nxd4 {[%emt 0:00:30]} Qc4 {[%emt 0:04:30]} 18. Qxc4 {[%emt 0:04:30]} Rxc4 {[%emt 0:01:30]} 19. Ncb5 {[%emt 0:01:30]} Rxc1 {[%emt 0:01:30]} 20. Rxc1 {[%emt 0:00:30]} a6 {[%emt 0:00:30]} 21. Rc7 {[%emt 0:02:30]} e5 {[%emt 0:00:30]} 22. Rxf7 {[%emt 0:00:30]} Kxf7 {[%emt 0:00:30]} 23. Nd6+ {[%emt 0:00:30]} Ke7 {[%emt 0:00:30]} 24. Nxb7 {[%emt 0:00:30]} exd4 {[%emt 0:00:30]} 25. Bxd4 {[%emt 0:00:30]} Kd7 {[%emt 0:00:00]} 26. Be5 {[%emt 0:02:30]} Ne8 {[%emt 0:00:00]} 27. Bg3 {[%emt 0:00:30]} Bf8 {[%emt 0:00:30]} 28. Bh4 {[%emt 0:07:30]} Be7 {[%emt 0:01:30]} 29. Bxe7 {[%emt 0:01:30]} Kxe7 {[%emt 0:00:30]} 30. a4 {[%emt 0:00:30]} Kd7 {[%emt 0:00:00]} 31. a5 {[%emt 0:00:30]} Kc7 {[%emt 0:00:00]} 32. b5 {[%emt 0:00:00]} axb5 {[%emt 0:00:30]} 33. a6 {[%emt 0:00:00]} b4 {[%emt 0:00:30]} 0-1

[Event "25th Bosnjaci Open 2020"]
[Site "Bosnjaci"]
[Date "2020.01.04"]
[Round "3.4"]
[White "Plenkovic, Zdenko"]
[Black "Ljikar, Zoran"]
[Result "1-0"]
[WhiteElo "2348"]
[BlackElo "2179"]
[Annotator "TA"]
[PlyCount "113"]
[EventDate "2020.01.03"]
[EventType "swiss"]
[EventCountry "CRO"]
[SourceTitle "playchess.com"]
[Source "ChessBase"]
[SourceQuality "1"]

{[%evp 16,113,33,27,60,69,63,39,28,52,86,42,74,28,21,18,60,60,73,45,75,75,77,56,74,64,83,66,65,73,77,83,87,47,65,19,50,50,72,51,68,75,64,63,68,57,85,43,60,64,48,60,62,64,92,105,88,21,21,20,27,26,139,127,137,120,113,110,283,327,302,294,289,246,366,180,192,200,176,157,241,265,212,173,208,0,0,0,0,0,0,0,196,195,1064,1002,12841,12841,29985,12843]} 1. e4 c5 2. Nf3 e6 3. d4 cxd4 4. Nxd4 Nc6 5. Nc3 Qc7 6. Be3 a6 7. Qd2 Nf6 8. O-O-O Bb4 9. f3 b5 {B48: Sicilian: Taimanov: 5 Nc3 Qc7 6 Be3 a6 without Be2} (9... Ne5 10. Kb1 Bxc3 11. bxc3 d5 12. Nb3 dxe4 13. Bc5 Ned7 14. Bd6 Qc6 15. c4 b6 16. Be2 Bb7 17. Qb4 e5 {1-0 (68) Anand,V (2757)-Beerdsen,T (2468) Germany 2019}) 10. Bf4 Ne5 11. Nc6 Qxc6 {White is slightly better.} 12. Bxe5 O-O $146 ({Predecessor:} 12... Be7 13. g4 Bb7 14. Bg2 Rd8 15. Rhe1 d6 16. Bg3 O-O 17. Kb1 {0-1 (77) Wegener,O (2444)-Jakubowski,K (2564) Germany 2016}) 13. a3 (13. Bxf6 {with more complications.} gxf6 14. Qh6 Bxc3 15. f4 e5 16. Rd3) 13... Be7 14. Bd6 Bxd6 15. Qxd6 Qxd6 16. Rxd6 Rd8 17. Bd3 $36 {[%mdl 2048] White has good play.} Ne8 18. Rb6 d6 19. a4 bxa4 20. Nxa4 Kf8 21. Nc3 Ke7 22. Kd2 Nf6 23. Ra1 Nd7 24. Rc6 Nc5 25. Rc7+ (25. b3 {keeps more tension.} Bb7 26. Rb6 Rab8 27. Be2 h5 28. Rb4) 25... Rd7 26. Rxd7+ $1 Bxd7 27. Be2 (27. Bc4 $5 {[%cal Rb2b4]}) 27... Rb8 28. Kc1 g5 29. Ra3 Rb6 30. Na2 Bc8 31. Ra5 h6 32. e5 Rc6 33. exd6+ Kxd6 {Hoping for ...Nb3+.} 34. Kd2 e5 35. b4 Ne6 36. c4 ({White should try} 36. Nc3 $16) 36... Nd4 $11 {...Nb3+ is the strong threat.} 37. c5+ Ke7 38. Bc4 Be6 (38... g4 $1 $11 {keeps the balance.}) 39. Kc3 Bxc4 40. Kxc4 $16 {[%mdl 4096] Endgame KRN-KRN} Nf5 41. Kd5 Re6 $2 (41... Kd7 $16) 42. c6 $18 Rd6+ 43. Kc5 $1 ({Weaker is} 43. Kxe5 Nd4 $11) 43... Rd2 44. Rxa6 Rxg2 (44... Rc2+ $142 45. Kb6 Kd6) 45. Ra7+ (45. b5 $142 Rc2+ 46. Kd5) 45... Ke6 46. b5 {Threatens to win with Nb4.} Rc2+ 47. Kb6 g4 (47... Nd6 $16 48. Ra8 Rc4) 48. Nb4 ({But not} 48. fxg4 $6 Nd6 $16) 48... Rc4 49. fxg4 Nd6 {[#]} 50. Ka5 $2 (50. Ra4 $1 $18) 50... Rc5 $11 51. Rb7 e4 52. Na6 Rc2 {Strongly threatening ...e3.} 53. Rd7 {Black must now prevent Nc7+.} Nc4+ $2 (53... e3 $11 54. Nc7+ Ke5) 54. Kb4 $18 {And now Nc5+ would win.} Ne5 $2 (54... Nd6 55. Nc5+ Ke5) 55. Nc5+ Rxc5 56. Kxc5 e3 57. Rd4 {Accuracy: White = 54%, Black = 40%.} (57. Rd6+ $142 Ke7 58. c7 Nd7+ {[#]} 59. Kc6 $1 {[%mdl 512]} Nb6 60. Kxb6 Kxd6 61. c8=Q h5 62. gxh5) 1-0

[Event "25th Bosnjaci Open 2020"]
[Site "Bosnjaci"]
[Date "2020.01.04"]
[Round "3.5"]
[White "Zovko, Mario"]
[Black "Jelecevic, Ivo"]
[Result "1-0"]
[WhiteElo "2330"]
[BlackElo "2178"]
[Annotator "TA"]
[PlyCount "89"]
[EventDate "2020.01.03"]
[EventType "swiss"]
[EventCountry "CRO"]
[SourceTitle "playchess.com"]
[Source "ChessBase"]
[SourceQuality "1"]

{[%evp 12,89,16,19,65,8,8,8,25,39,34,42,73,83,85,70,138,135,199,183,375,368,372,379,472,466,593,577,1497,990,968,968,939,916,845,547,477,217,220,231,220,112,192,207,194,174,158,103,103,103,103,101,289,257,224,208,1295,1019,11702,11740,12825,12827,12827,12828,12836,12827,12824,12829,12819,0,185,0,12835,12836,12839,12839,12840,12840,12841,12841]} 1. e4 c5 2. Nc3 Nc6 3. g3 g6 4. Bg2 Bg7 5. d3 e6 6. Be3 b6 7. Qd2 h5 {B24: Closed Sicilian: 3 g3 sidelines} (7... Ba6 8. Nf3 Nd4 9. a4 Ne7 10. Bxd4 cxd4 11. Nb5 Nc6 12. Nd6+ Ke7 13. Nb5 d6 14. O-O Qd7 15. h4 {½-½ (41) Zhao,J (2610)-Lu,S (2556) China 2014}) 8. h3 (8. Nf3 $14) 8... Nge7 $146 ({Predecessor:} 8... Bb7 9. Nge2 Nge7 10. d4 d6 11. O-O-O O-O 12. Bh6 e5 13. Bxg7 Kxg7 14. dxe5 dxe5 15. Qe3 {0-1 (49) Bannikova,A-Shaydullina,S (2281) Serpukhov 2002}) 9. Nge2 d5 {The position is equal.} 10. exd5 $1 exd5 {Hoping for ...d4.} 11. d4 Ba6 12. O-O-O $1 Bxe2 13. Nxe2 cxd4 (13... c4 $14) 14. Nxd4 $16 Ne5 (14... Nxd4 $16 15. Bxd4 O-O) 15. Bg5 $18 Qd6 $2 (15... O-O 16. Rhe1 Re8) 16. Rhe1 f6 17. f4 Nc4 18. Qe2 {Black must now prevent Bxd5!} ({Not} 18. Nb5 Nxd2 19. Nxd6+ Kd7 $18) 18... fxg5 {[#]} 19. Bxd5 $1 {[%mdl 576] Double Attack, Pin} Nxb2 (19... Qxd5 20. Qxe7#) 20. Qb5+ {[%mdl 64] Double Attack} Kf8 21. Ne6+ {[%mdl 64] Double Attack} Kg8 22. Nxg7+ Nxd5 23. Rxd5 Qa3 24. Qxb2 (24. Rd7 $142 {White threatens Qd5+ and mate.} Na4+ 25. Kd2 Qc3+ 26. Ke2 $1 {[%mdl 512]}) 24... Qxb2+ 25. Kxb2 Kxg7 26. Rxg5 ({White must play} 26. fxg5 $18 h4 27. g4) 26... Rhe8 (26... Rhf8 $16) 27. Rxe8 $1 Rxe8 {[%mdl 4096] Endgame KR-KR} 28. Re5 Ra8 {[#]} 29. a4 ({White should try} 29. Re6 $1) 29... Kf6 $16 30. g4 hxg4 31. hxg4 Rh8 $2 (31... Rd8 $16) 32. g5+ Kf7 {[#]} 33. a5 $1 Rc8 $2 (33... Rh4 34. axb6 axb6) 34. axb6 $18 axb6 35. Kb3 Rc6 36. c3 Rd6 37. Kc4 Rc6+ 38. Kd4 Rd6+ 39. Rd5 Rc6 40. Re5 $2 (40. f5 gxf5 41. Rxf5+ Ke7 42. c4) 40... Rd6+ $1 41. Kc4 $2 (41. Ke3) 41... Rc6+ 42. Kb4 {White is clearly winning.} Rc7 43. c4 Rc6 44. Kb5 Rd6 45. f5 {Accuracy: White = 68%, Black = 28%.} 1-0

[Event "25th Bosnjaci Open 2020"]
[Site "Bosnjaci"]
[Date "2020.01.04"]
[Round "3.6"]
[White "Matic, Zeljko"]
[Black "Runic, Zoran"]
[Result "0-1"]
[WhiteElo "2142"]
[BlackElo "2326"]
[Annotator "TA"]
[PlyCount "90"]
[EventDate "2020.01.03"]
[EventType "swiss"]
[EventCountry "CRO"]
[SourceTitle "playchess.com"]
[Source "ChessBase"]
[SourceQuality "1"]

{[%evp 9,90,13,12,9,30,0,0,-9,22,23,12,8,14,19,7,3,14,0,0,9,35,20,40,16,18,0,4,-7,0,4,13,0,0,0,20,0,0,0,0,0,0,0,0,0,0,-31,0,-34,0,-32,-11,-7,0,-54,-8,-7,0,-125,0,0,0,0,0,0,0,0,0,0,9,2,23,0,0,-216,-216,-263,-68,-68,-68,-927,-906,-1239,-1216]} 1. d4 Nf6 2. Nf3 g6 3. Bf4 Bg7 4. h3 c5 5. c3 cxd4 (5... O-O 6. e3 cxd4 7. cxd4 d6 8. Nc3 Nc6 9. Be2 Qb6 10. Qd2 Bf5 11. O-O Ne4 12. Nxe4 Bxe4 13. Bg3 h6 14. Rac1 e5 {½-½ (88) Wang,Y (2718)-Li,C (2751) Huaian 2016}) 6. cxd4 {A48: 1 d4 Nf6 2 Nf3 g6: Torre, London and Colle Systems} Nd5 7. Bc1 $146 ({Predecessor:} 7. Be5 Bxe5 8. dxe5 Qa5+ 9. Qd2 Nb4 10. Nc3 N8c6 11. a3 {1-0 (19) Djoric,D (2314)-Milovic,J (2269) Bar 2006}) 7... O-O 8. e4 {The position is equal.} Nf6 9. Bd3 d5 10. e5 Ne4 11. O-O Nc6 12. Nc3 Bf5 13. Re1 {[%cal Rc3e4]} Nxc3 14. bxc3 Bxd3 15. Qxd3 Qd7 16. Ng5 Nd8 17. f4 Rc8 18. Bd2 f6 19. Nf3 f5 20. h4 h5 21. a4 Rc4 22. Qc2 e6 23. Qb3 Qc8 24. Reb1 Rf7 25. Qb5 Rc6 26. a5 Bf8 27. Rb3 Rfc7 (27... a6 $5 {[%cal Ra6b5]} 28. Qf1 Rc4 $11) 28. Kh2 Be7 29. Kg3 Qd7 30. Kf2 Kf7 31. Ke2 (31. Be1 $11) 31... Ke8 (31... a6 $5 {[%cal Ra6b5]} 32. Qa4 Qc8 $11) 32. g3 Ra6 33. Qd3 {[#]} (33. Kd3 $11) 33... Qc6 (33... Rc4 $1 $17) 34. Rb2 Kd7 35. Ne1 Qc4 36. Qxc4 Rxc4 37. Nc2 Rc7 38. Kd3 Nc6 39. Rb5 Kc8 40. Bc1 Rd7 41. Nb4 $2 {[#]} (41. Ba3 $11) 41... Nxb4+ $1 $19 42. cxb4 b6 $2 ({Black should try} 42... Rc6 $19 43. Be3 Kc7) 43. Bb2 Kb7 {Strongly threatening ...Kc6.} 44. axb6 $2 {[%mdl 8192]} (44. Rc1 $15) 44... axb6 45. Rxa6 Kxa6 {Accuracy: White = 41%, Black = 58%.} 0-1

[Event "25th Bosnjaci Open 2020"]
[Site "Bosnjaci"]
[Date "2020.01.04"]
[Round "3.7"]
[White "Rosic, Slavko S"]
[Black "Blagojevic, Marijan"]
[Result "1-0"]
[WhiteElo "2295"]
[BlackElo "2164"]
[Annotator "ChessBase"]
[PlyCount "83"]
[EventDate "2020.01.03"]
[EventType "swiss"]
[EventCountry "CRO"]
[SourceTitle "playchess.com"]
[Source "ChessBase"]
[SourceQuality "1"]
[TimeControl "5400+30"]

1. e4 {[%emt 0:00:30]} c5 {[%emt 0:05:30]} 2. Nf3 {[%emt 0:00:30]} e6 {[%emt 0:00:30]} 3. d4 {[%emt 0:01:30]} cxd4 {[%emt 0:00:30]} 4. Nxd4 {[%emt 0:00:00]} Nc6 {[%emt 0:00:30]} 5. Be3 {[%emt 0:04:00]} Qc7 {[%emt 0:01:30]} 6. g3 {[%emt 0:03:30]} a6 {[%emt 0:00:30]} 7. Bg2 {[%emt 0:00:30]} Nf6 {[%emt 0:01:30]} 8. O-O {[%emt 0:00:30]} d6 {[%emt 0:03:30]} 9. Nxc6 {[%emt 0:06:30]} bxc6 {[%emt 0:00:30]} 10. c4 {[%emt 0:00:30]} Be7 {[%emt 0:03:30]} 11. Nc3 {[%emt 0:00:30]} Rb8 {[%emt 0:01:30]} 12. b3 {[%emt 0:02:30]} O-O {[%emt 0:00:30]} 13. h3 {[%emt 0:00:00]} c5 {[%emt 0:01:30]} 14. Qd2 {[%emt 0:06:00]} Bb7 {[%emt 0:00:30]} 15. Rad1 {[%emt 0:00:00]} Bc6 {[%emt 0:01:30]} 16. f4 {[%emt 0:08:00]} Rbd8 {[%emt 0:02:30]} 17. Rfe1 {[%emt 0:11:30]} Qb7 {[%emt 0:02:30]} 18. Bf2 {[%emt 0:02:30]} Rfe8 {[%emt 0:02:30]} 19. Kh2 {[%emt 0:01:30]} Rd7 {[%emt 0:05:30]} 20. g4 {[%emt 0:03:30]} g6 {[%emt 0:11:30]} 21. Bf3 {[%emt 0:03:30]} Rdd8 {[%emt 0:10:30]} 22. g5 {[%emt 0:07:30]} Nd7 {[%emt 0:00:30]} 23. h4 {[%emt 0:02:30]} Nb6 {[%emt 0:15:30]} 24. h5 {[%emt 0:00:30]} a5 {[%emt 0:01:30]} 25. Kg3 {[%emt 0:02:30]} a4 {[%emt 0:03:30]} 26. Rh1 {[%emt 0:00:30]} axb3 {[%emt 0:00:30]} 27. axb3 {[%emt 0:00:00]} f5 {[%emt 0:07:03]} 28. hxg6 {[%emt 0:04:00]} hxg6 {[%emt 0:01:19]} 29. Rh6 {[%emt 0:03:30]} Kg7 {[%emt 0:02:08]} 30. Qe2 {[%emt 0:02:30]} fxe4 {[%emt 0:02:48]} 31. Nxe4 {[%emt 0:01:30]} Rh8 {[%emt 0:01:04]} 32. Rdh1 {[%emt 0:03:58]} Nd7 {[%emt 0:01:41]} 33. Bd4+ {[%emt 0:11:38]} cxd4 {[%emt 0:01:52]} 34. Qh2 {[%emt 0:00:01]} Kf7 {[%emt 0:04:54]} 35. Rh7+ {[%emt 0:00:55]} Ke8 {[%emt 0:00:43]} 36. Rxh8+ {[%emt 0:00:16]} Nf8 {[%emt 0:00:08]} 37. Rxf8+ {[%emt 0:05:40]} Bxf8 {[%emt 0:00:26]} 38. Nf6+ {[%emt 0:01:27]} Kf7 {[%emt 0:00:01]} 39. Bxc6 {[%emt 0:01:28]} Qxc6 {[%emt 0:00:01]} 40. Qh7+ {[%emt 0:00:19]} Bg7 {[%emt 0:00:01]} 41. Rh6 {[%emt 0:00:13]} Rh8 {[%emt 0:01:08]} 42. Qxg6+ {[%emt 0:00:05]} 1-0

[Event "25th Bosnjaci Open 2020"]
[Site "Bosnjaci"]
[Date "2020.01.04"]
[Round "3.8"]
[White "Matanovic, Luka"]
[Black "Tomas, Ante"]
[Result "1-0"]
[WhiteElo "2256"]
[BlackElo "2157"]
[Annotator "NA"]
[PlyCount "51"]
[EventDate "2020.01.03"]
[EventType "swiss"]
[EventCountry "CRO"]
[SourceTitle "playchess.com"]
[Source "ChessBase"]
[SourceQuality "1"]
[TimeControl "5400+30"]

1. e4 {[%emt 0:00:30]} e5 {[%emt 0:00:30]} 2. Nf3 {[%emt 0:00:00]} Nc6 {[%emt 0:00:00]} 3. Bb5 {[%emt 0:00:00]} a6 {[%emt 0:00:00]} 4. Ba4 {[%emt 0:00:30]} d6 {[%emt 0:00:30]} 5. O-O {[%emt 0:00:30]} Bg4 {[%emt 0:00:00]} 6. c3 {[%emt 0:02:30]} Qf6 {[%emt 0:00:00]} 7. d3 {[%emt 0:07:30]} Bxf3 {[%emt 0:00:30]} 8. Qxf3 {[%emt 0:00:30]} Qxf3 {[%emt 0:00:30]} 9. gxf3 {[%emt 0:00:30]} g6 {[%emt 0:09:30]} 10. Be3 {[%emt 0:02:30]} Bg7 {[%emt 0:04:30]} 11. b4 {[%emt 0:07:30]} Nge7 {[%emt 0:02:30]} 12. Bb3 {[%emt 0:02:30]} O-O {[%emt 0:06:30]} 13. a4 {[%emt 0:07:30]} Rfd8 {[%emt 0:14:30]} 14. Na3 {[%emt 0:10:30]} d5 {[%emt 0:04:30]} 15. b5 {[%emt 0:03:30]} Na5 {[%emt 0:19:30]} 16. Ba2 {[%emt 0:06:30]} dxe4 {[%emt 0:03:30]} 17. dxe4 {[%emt 0:00:30]} Nc8 {[%emt 0:02:30]} 18. Rfd1 {[%emt 0:04:30]} Rxd1+ {[%emt 0:07:30]} 19. Rxd1 {[%emt 0:00:30]} Nd6 {[%emt 0:06:44]} 20. b6 {[%emt 0:03:30]} Nc6 {[%emt 0:03:54]} 21. bxc7 {[%emt 0:00:30]} Bf8 {[%emt 0:02:24]} 22. Nc4 {[%emt 0:07:30]} Nxc4 {[%emt 0:00:56]} 23. Bxc4 {[%emt 0:00:30]} Be7 {[%emt 0:00:08]} 24. Bf1 {[%emt 0:01:30]} Rc8 {[%emt 0:02:05]} 25. Bb6 {[%emt 0:00:30]} f5 {[%emt 0:01:31]} 26. Bc4+ {[%emt 0:00:00]} 1-0

[Event "25th Bosnjaci Open 2020"]
[Site "Bosnjaci"]
[Date "2020.01.04"]
[Round "3.9"]
[White "Bobanac, Miro"]
[Black "Draganic, Stjepan"]
[Result "1/2-1/2"]
[WhiteElo "2218"]
[BlackElo "2112"]
[Annotator "NA"]
[PlyCount "43"]
[EventDate "2020.01.03"]
[EventType "swiss"]
[EventCountry "CRO"]
[SourceTitle "playchess.com"]
[Source "ChessBase"]
[SourceQuality "1"]
[TimeControl "5400+30"]

1. Nf3 {[%emt 0:00:30]} d5 {[%emt 0:00:30]} 2. b3 {[%emt 0:00:30]} Nf6 {[%emt 0:00:30]} 3. Bb2 {[%emt 0:01:30]} c6 {[%emt 0:01:30]} 4. c4 {[%emt 0:00:30]} e6 {[%emt 0:02:30]} 5. g3 {[%emt 0:01:30]} Be7 {[%emt 0:00:30]} 6. Bg2 {[%emt 0:00:30]} O-O {[%emt 0:00:30]} 7. O-O {[%emt 0:00:30]} Ne4 {[%emt 0:02:30]} 8. d4 {[%emt 0:09:30]} Nd7 {[%emt 0:01:30]} 9. Ne5 {[%emt 0:08:30]} f5 {[%emt 0:09:30]} 10. Nxd7 {[%emt 0:05:30]} Bxd7 {[%emt 0:00:30]} 11. f3 {[%emt 0:00:30]} Nd6 {[%emt 0:06:30]} 12. Nd2 {[%emt 0:01:30]} f4 {[%emt 0:08:30]} 13. gxf4 {[%emt 0:02:30]} Nf5 {[%emt 0:02:30]} 14. Qb1 {[%emt 0:02:30]} Ne3 {[%emt 0:00:30]} 15. Rc1 {[%emt 0:00:30]} Bd6 {[%emt 0:01:30]} 16. Nf1 {[%emt 0:01:30]} Bxf4 {[%emt 0:01:30]} 17. Rc3 {[%emt 0:01:30]} Qg5 {[%emt 0:02:30]} 18. Nxe3 {[%emt 0:11:30]} Bxe3+ {[%emt 0:01:30]} 19. Rxe3 {[%emt 0:00:30]} Qxe3+ {[%emt 0:00:30]} 20. Kf1 {[%emt 0:00:30]} Qf4 {[%emt 0:05:30]} 21. Kg1 {[%emt 0:03:30]} Qe3+ {[%emt 0:00:30]} 22. Kf1 {[%emt 0:00:30]} 1/2-1/2